Statistiken für Fußball-Weltmeister (Herren)

Klicken Sie hier um das Quiz zu spielen!

Allgemein

  • Dieses Quiz wurde 678 mal gespielt
    (168 seit der letzten Aktualisierung)
  • Das Durchschnittsergebnis liegt bei 19 aus 21

Antwortstatistiken

Jahr Weltmeister % Correct
1974Bundesrepublik Deutschland
97%
2018Frankreich
95%
1990Deutschland
95%
2014Deutschland
94%
1954Bundesrepublik Deutschland
94%
2002Brasilien
94%
2010Spanien
93%
2006Italien
93%
1994Brasilien
90%
1930Uruguay
90%
1958Brasilien
90%
1934Italien
89%
1998Frankreich
89%
1962Brasilien
87%
1978Argentinien
86%
1982Italien
85%
1970Brasilien
85%
1966England
85%
1986Argentinien
83%
1950Uruguay
79%
1938Italien
77%

Verteilung der Resultate

Perzentil nach korrekt beantworteten Fragen

Anzahl Personen mit jedem Resultat

Ihre Resultats-Entwicklung

Sie haben dieses Quiz seit der letzten Aktualisierung nicht gespielt